000 00589nam a2200193Ia 4500
005 20250808094545.0
008 008 250516s9999 xx 000 0 hin d
020 _a9789355188892
040 _beng
_cSDCL
041 _ahin
_2hin
084 _aO152,1(Delta25):g R3
100 _aShamunath
_9810023
245 0 _aBhakti Andolan Or Uttar-Dharmik Sankat
246 _aभक्ति आन्दोलन और उत्तर - धार्मिक संकट
260 _aNew Delhi:
_bVani Prakashan,
_c2023.
300 _a539p.
650 _aHindi
942 _cTEXL
_2CC
999 _c1430473
_d1430473